Unemployment compensation finance and efficiency wages (Registro nro. 33526)
[ vista simple ]
| 000 -LEADER | |
|---|---|
| fixed length control field | 00378 a2200121 4500 |
| 001 - CONTROL NUMBER | |
| control field | ART_43818 |
| 005 - DATE AND TIME OF LATEST TRANSACTION | |
| control field | 20260410162025.0 |
| 008 - FIXED-LENGTH DATA ELEMENTS--GENERAL INFORMATION | |
| fixed length control field | 260409a |
| 100 1# - MAIN ENTRY--PERSONAL NAME | |
| Personal name | Albrecht, James W. |
| 245 10 - TITLE STATEMENT | |
| Title | Unemployment compensation finance and efficiency wages |
| 700 1# - ADDED ENTRY--PERSONAL NAME | |
| Personal name | Vroman, Susan |
| 773 0# - HOST ITEM ENTRY | |
| Title | Journal of labor economics |
| Related parts | - Vol. 17, Nº 1 (ene. 1999) |
| Record control number | REV43438 |
No hay ítems disponibles.